[Event "Warren Reuben Fine op"]
[Site "Warren"]
[Date "2002.01.19"]
[Round "1"]
[White "Krivochenitser, Roman"]
[Black "Joseph, George"]
[Result "1-0"]
[WhiteElo "1511"]
[BlackElo "601"]
[PlyCount "41"]
[EventDate "2002.01.19"]
[EventType "swiss"]
[EventRounds "6"]
[EventCountry "USA"]
[SourceTitle "EXT 2009"]
[Source "ChessBase"]
[SourceDate "2008.11.26"]
[SourceVersion "1"]
[SourceVersionDate "2008.11.26"]
[SourceQuality "1"]

1. e4 c5 2. Nf3 Nc6 3. d4 e6 4. Nc3 d5 5. Be2 h6 6. 0-0 Nf6 7. e5 Ne4 8. Re1 c4 9. Bf1 Bb4 10. Re3 Nxc3 11. bxc3 Be7 12. h3 0-0 13. Nh2 f6 14. Rg3 g5 15. h4 Bd7 16. Qh5 Kh7 17. Ng4 Qe8 18. Qxh6+ Kg8 19. hxg5 Qf7 20. Nxf6+ Bxf6 21. gxf6+ 1-0

[Event "Romulus op"]
[Site "Romulus"]
[Date "2000.09.01"]
[Round "1"]
[White "Schey, Daniel"]
[Black "Krivochenitser, Roman"]
[Result "1-0"]
[WhiteElo "1600"]
[BlackElo "1189"]
[PlyCount "41"]
[EventDate "2000.09.01"]
[EventType "swiss"]
[EventRounds "7"]
[EventCountry "USA"]
[SourceTitle "EXT 2007"]
[Source "ChessBase"]
[SourceDate "2006.11.23"]
[SourceVersion "1"]
[SourceVersionDate "2006.11.23"]
[SourceQuality "1"]

1. c4 e5 2. Nc3 Nc6 3. g3 Nf6 4. Bg2 Bc5 5. e3 0-0 6. Nge2 Re8 7. 0-0 e4 8. a3 d6 9. b4 Bb6 10. Bb2 Bf5 11. Nf4 Be6 12. Nxe6 fxe6 13. Nxe4 Nxe4 14. Bxe4 e5 15. Qh5 Ne7 16. Qxh7+ Kf8 17. f4 Kf7 18. fxe5+ Ke6 19. Qh3+ Nf5 20. Qxf5+ Ke7 21. Qf7# 1-0